00691nam a2200193 a 4500001001000000005001700010008004100027020001500068040001800083050002100101100002200122245008100144260007300225300006400298500003400362504003200396600003200428650003700460BRCA_216920190320203710.0841016s1983 mx-a---##b---f001-0bspa-# a9685803811 aDLCcDLCdDLC 4aND259b.L46 19831 aLeonardini, Nanda10aEl pintor Santiago Rebullbsu vida y su obra, (1829-1902)cNanda Leonardini. aMéxicobUNAM, Dirección General de Extensión Académicac1983 a253 p.bil. (algunas a color), [87] p. de láminasc24 cm. aIncluye índice onomástico aBibliografía : p. 225-23614aRebull, Santiagod1829-190214aPintoresvBiografíaszMéxico